000 00608nam a2200181Ia 4500
008 151018s9999 xx 000 0 und d
082 _bRBASDV63170
_a891.463
100 _aरीफेनबर्ग बॉ
245 _aमृत्यूशी शर्यत
250 _b1
260 _bमेहता प्रकाशन पुणे
_c2013
300 _a192
600 _aरीफेनबर्ग बॉ
630 _aमृत्यूशी शर्यत
700 _aरीफेनबर्ग बॉ
730 _aमृत्यूशी शर्यत
942 _cBOOK
999 _c1055513
_d1055510